[Event "BPB Limburg open B"]
[Site "Maastricht"]
[Date "2014.06.07"]
[Round "3"]
[White "Mertens, Andreas"]
[Black "Moes, Waldemar"]
[Result "1-0"]
[WhiteElo "1983"]
[BlackElo "2038"]
[PlyCount "49"]
[EventDate "2014.06.06"]
[EventType "swiss"]
[EventRounds "7"]
[EventCountry "NED"]
[Source "P.Boonen"]
[SourceDate "2014.10.10"]

1. Nf3 d5 2. d4 e6 3. e3 c5 4. b3 b6 5. Bb2 Nf6 6. Ne5 Bd6 7. Nd2 O-O 8. Bd3
Ba6 9. c4 Qc7 10. O-O Nc6 11. Nxc6 Qxc6 12. cxd5 Qb7 13. Bxa6 Qxa6 14. dxc5
Bxc5 15. Bxf6 gxf6 16. Ne4 f5 17. Nxc5 bxc5 18. Qf3 Kh8 19. e4 fxe4 20. Qxe4
Rae8 21. dxe6 Rxe6 22. Qc2 Rc8 23. Rad1 c4 24. bxc4 Qxc4 25. Rd8+ 1-0

[Event "BPB Limburg open B"]
[Site "Maastricht"]
[Date "2014.06.07"]
[Round "3"]
[White "Passchyn, Maarten"]
[Black "Reichardt, Gert"]
[Result "0-1"]
[WhiteElo "1936"]
[BlackElo "1872"]
[PlyCount "109"]
[EventDate "2014.06.06"]
[EventType "swiss"]
[EventRounds "7"]
[EventCountry "NED"]
[Source "P.Boonen"]
[SourceDate "2014.10.10"]

1. e4 d6 2. d4 Nf6 3. Nc3 Nbd7 4. Nf3 e5 5. g4 exd4 6. Nxd4 Nc5 7. Bb5+ Bd7 8.
Bxd7+ Qxd7 9. f3 g6 10. Be3 Be7 11. g5 Nh5 12. Qd2 a6 13. O-O-O O-O-O 14. Nd5
Kb8 15. Qb4 Rhe8 16. h4 Qa4 17. Qxa4 Nxa4 18. Ne2 Kc8 19. Nef4 Nxf4 20. Bxf4
Nb6 21. Nxb6+ cxb6 22. h5 Kd7 23. hxg6 hxg6 24. Rh7 Ke6 25. a4 Rh8 26. Rdh1
Rxh7 27. Rxh7 d5 28. c3 dxe4 29. fxe4 Rd3 30. Kc2 Rf3 31. Bd2 Rg3 32. Rh8 Bxg5
33. Bxg5 Rxg5 34. Rb8 Rg2+ 35. Kb3 Rd2 36. Rxb7 Rd6 37. Rb8 Ke5 38. c4 Kxe4 39.
a5 bxa5 40. c5 Rd3+ 41. Kc4 Rd4+ 42. Kc3 Rb4 43. Rf8 Rb5 44. Kc4 Rxb2 45. Re8+
Kf4 46. Re7 f5 47. Re6 g5 48. Rxa6 g4 49. Rg6 g3 50. c6 Rc2+ 51. Kb5 Kf3 52.
Kxa5 f4 53. Kb5 g2 54. Rg7 Kf2 55. Rg4 0-1

[Event "BPB Limburg open B"]
[Site "Maastricht"]
[Date "2014.06.07"]
[Round "3"]
[White "Peeters, Joep"]
[Black "Bettman, Jan"]
[Result "0-1"]
[WhiteElo "1786"]
[BlackElo "1842"]
[PlyCount "64"]
[EventDate "2014.06.06"]
[EventType "swiss"]
[EventRounds "7"]
[EventCountry "NED"]
[Source "P.Boonen"]
[SourceDate "2014.10.10"]

1. Nf3 e6 2. d4 c5 3. Nc3 d5 4. e4 cxd4 5. Qxd4 Nc6 6. Bb5 Bd7 7. Bxc6 bxc6 8.
exd5 cxd5 9. O-O Nf6 10. Re1 Be7 11. Bg5 O-O 12. Re2 Qa5 13. Ne5 Rfd8 14. Rd1
Rac8 15. Rd3 h6 16. Bd2 Be8 17. a3 Qa6 18. g4 Nh7 19. Rg3 Rxc3 20. Bxc3 Qxe2
21. h4 f6 22. Qxa7 Bf8 23. Nf3 Bb5 24. g5 Rd7 25. Qb6 hxg5 26. hxg5 Nxg5 27.
Nxg5 fxg5 28. Rxg5 Qf1+ 29. Kh2 Rf7 30. Rg2 Qe2 31. Kg1 e5 32. Bxe5 Qe1+ 0-1

[Event "BPB Limburg open B"]
[Site "Maastricht"]
[Date "2014.06.07"]
[Round "3"]
[White "Pijlman, Rene"]
[Black "Santiago, Gerardo"]
[Result "1-0"]
[WhiteElo "1977"]
[BlackElo "1851"]
[PlyCount "51"]
[EventDate "2014.06.06"]
[EventType "swiss"]
[EventRounds "7"]
[EventCountry "NED"]
[Source "P.Boonen"]
[SourceDate "2014.10.10"]

1. e4 e5 2. Nf3 Nc6 3. Bb5 a6 4. Ba4 Nf6 5. d3 b5 6. Bb3 h6 7. O-O Bc5 8. c3 d6
9. Nbd2 O-O 10. Re1 Ng4 11. Re2 Be6 12. h3 Nf6 13. Nf1 Bb6 14. Bc2 Nh5 15. d4
Bc4 16. Re1 exd4 17. cxd4 Ba5 18. Bd2 b4 19. Ne3 Bb5 20. Nf5 Ne7 21. N3h4 Nf6
22. e5 Nxf5 23. Nxf5 Nh7 24. Qg4 g6 25. Bb3 d5 26. Bxd5 1-0

[Event "BPB Limburg open B"]
[Site "Maastricht"]
[Date "2014.06.07"]
[Round "3"]
[White "Ramaekers, Philippe"]
[Black "Bauchmueller, Franz Josef"]
[Result "1-0"]
[WhiteElo "1893"]
[BlackElo "1789"]
[PlyCount "59"]
[EventDate "2014.06.06"]
[EventType "swiss"]
[EventRounds "7"]
[EventCountry "NED"]
[Source "P.Boonen"]
[SourceDate "2014.10.10"]

1. e4 e5 2. f4 Qf6 3. Nc3 Qxf4 4. d4 Qh4+ 5. g3 Qf6 6. dxe5 Qxe5 7. Bf4 Qa5 8.
Nf3 Bb4 9. Bd2 Nf6 10. a3 Bxc3 11. Bxc3 Qb6 12. Qd3 O-O 13. O-O-O Qe6 14. Ng5
Qg4 15. h4 d6 16. Be2 Qd7 17. Bxf6 gxf6 18. Qf3 fxg5 19. hxg5 Qe6 20. Rxh7 Kxh7
21. Rh1+ Kg7 22. Rh6 Qxh6 23. gxh6+ Kxh6 24. Qf4+ Kg7 25. Qg5+ Kh7 26. Bd3 f6
27. e5+ f5 28. Qe7+ Kg6 29. Qxf8 Bd7 30. Qf6+ 1-0

[Event "BPB Limburg open B"]
[Site "Maastricht"]
[Date "2014.06.07"]
[Round "3"]
[White "Rietveld, Leo"]
[Black "Tamminga, Meile"]
[Result "1/2-1/2"]
[WhiteElo "2001"]
[BlackElo "1800"]
[PlyCount "66"]
[EventDate "2014.06.06"]
[EventType "swiss"]
[EventRounds "7"]
[EventCountry "NED"]
[Source "P.Boonen"]
[SourceDate "2014.10.10"]

1. d4 f5 2. e4 fxe4 3. Nc3 Nf6 4. f3 d5 5. fxe4 dxe4 6. Bb5+ c6 7. Bc4 Bg4 8.
Nge2 Nbd7 9. O-O e5 10. Kh1 Be7 11. Nxe4 exd4 12. Qe1 b5 13. Nxd4 Ne5 14. Ne6
Bxe6 15. Nxf6+ Bxf6 16. Bxe6 Qe7 17. Bb3 c5 18. c3 c4 19. Bc2 O-O 20. Qe4 g6
21. Bh6 Bg7 22. Bxg7 Qxg7 23. Qd5+ Kh8 24. Qxb5 Qc7 25. Qd5 Rfe8 26. Qd2 Rad8
27. Qg5 Qg7 28. Ba4 Rf8 29. Rfe1 Nd3 30. Re7 Rf5 31. Rxg7 Rxg5 32. Rd7 Nf2+ 33.
Kg1 Nh3+ 1/2-1/2

[Event "BPB Limburg open B"]
[Site "Maastricht"]
[Date "2014.06.07"]
[Round "3"]
[White "Roefe, Detlef"]
[Black "Kuciapa, Andre"]
[Result "1-0"]
[WhiteElo "1958"]
[BlackElo "1778"]
[PlyCount "77"]
[EventDate "2014.06.06"]
[EventType "swiss"]
[EventRounds "7"]
[EventCountry "NED"]
[Source "P.Boonen"]
[SourceDate "2014.10.10"]

1. c4 Nf6 2. d3 c6 3. Nd2 g6 4. e3 Bg7 5. Ngf3 d5 6. Qc2 Nbd7 7. Be2 O-O 8. O-O
Re8 9. Rb1 e5 10. Rd1 Qe7 11. Nf1 Nb6 12. N3d2 Be6 13. c5 Nbd7 14. b4 Bf5 15.
e4 Be6 16. Ng3 Rac8 17. Nf3 b6 18. cxb6 axb6 19. Ng5 Nf8 20. Nxe6 Nxe6 21. Be3
d4 22. Bd2 c5 23. Qb3 Nf4 24. Bf3 Qe6 25. Bxf4 Qxb3 26. Rxb3 exf4 27. Ne2 g5
28. h3 h5 29. g4 h4 30. Rc1 Nd7 31. Kg2 Ne5 32. bxc5 bxc5 33. Ng1 Rc6 34. Be2
Rec8 35. Nf3 f6 36. Nxe5 fxe5 37. Rb5 Bf8 38. Bd1 Re6 39. Rcb1 {.....} 1-0

[Event "BPB Limburg open B"]
[Site "Maastricht"]
[Date "2014.06.07"]
[Round "3"]
[White "Saizew, Valeri"]
[Black "Snoeck, Rene"]
[Result "1-0"]
[WhiteElo "1951"]
[BlackElo "1929"]
[PlyCount "61"]
[EventDate "2014.06.06"]
[EventType "swiss"]
[EventRounds "7"]
[EventCountry "NED"]
[Source "P.Boonen"]
[SourceDate "2014.10.10"]

1. e4 c6 2. d4 d5 3. Nc3 dxe4 4. Nxe4 Nf6 5. Nxf6+ exf6 6. Nf3 Bd6 7. h3 O-O 8.
Be2 Re8 9. O-O Bc7 10. Bd3 Nd7 11. c4 Nf8 12. Qc2 Be6 13. Be3 Qd7 14. Rfe1 Bxh3
15. gxh3 Qxh3 16. Qd1 f5 17. Bf1 Qh5 18. Bg2 Re6 19. Ne5 Qh4 20. Qf3 Rae8 21.
Qh3 Qf6 22. f4 Qd8 23. d5 R6e7 24. Rad1 cxd5 25. Bxd5 Qb8 26. Bxf7+ Rxf7 27.
Nxf7 Kxf7 28. Qxf5+ Kg8 29. Bc5 Rc8 30. Re7 Bxf4 31. Qf7+ 1-0

[Event "BPB Limburg open B"]
[Site "Maastricht"]
[Date "2014.06.07"]
[Round "3"]
[White "Schleipfenbauer, Bent"]
[Black "Van den Berg, Jaap"]
[Result "1-0"]
[WhiteElo "1953"]
[BlackElo "1879"]
[PlyCount "56"]
[EventDate "2014.06.06"]
[EventType "swiss"]
[EventRounds "7"]
[EventCountry "NED"]
[Source "P.Boonen"]
[SourceDate "2014.10.10"]

1. c4 f5 2. Nc3 g6 3. g3 Bg7 4. Bg2 Nf6 5. d3 O-O 6. Rb1 d6 7. Nf3 c6 8. O-O
Nbd7 9. Qc2 Ne5 10. b4 Nf7 11. Bd2 e5 12. e4 f4 13. b5 c5 14. a4 g5 15. h3 h5
16. gxf4 gxf4 17. Bc1 Nh7 18. Qe2 Nfg5 19. Kh2 Rf6 20. Rh1 Rh6 21. Kg1 Be6 22.
Nxg5 Nxg5 23. Nd5 Qd7 24. h4 Nh3+ 25. Kf1 Rf8 26. f3 Rg6 27. b6 a6 28. Nc7 Bg4
{.....} 1-0

[Event "BPB Limburg open B"]
[Site "Maastricht"]
[Date "2014.06.07"]
[Round "3"]
[White "Schubert, Karl"]
[Black "Broekhuizen, Pieter"]
[Result "1-0"]
[WhiteElo "1925"]
[BlackElo "1837"]
[PlyCount "107"]
[EventDate "2014.06.06"]
[EventType "swiss"]
[EventRounds "7"]
[EventCountry "NED"]
[Source "P.Boonen"]
[SourceDate "2014.10.10"]

1. d4 d6 2. Nf3 Bg4 3. Nbd2 Nf6 4. g3 c6 5. Bg2 e6 6. b3 Be7 7. Bb2 d5 8. c4
O-O 9. O-O Qc7 10. Rc1 Qa5 11. a3 Nbd7 12. b4 Qd8 13. Qb3 Rc8 14. Rfe1 Bxf3 15.
Bxf3 h6 16. e4 dxe4 17. Nxe4 Nxe4 18. Bxe4 Bf6 19. Rcd1 Qc7 20. Bc1 Rfe8 21.
Be3 Qd8 22. Bg2 Bg5 23. f4 Be7 24. d5 cxd5 25. cxd5 Bf6 26. dxe6 Rxe6 27. Qd5
Rxe3 28. Rxe3 Qb6 29. Qe4 Rc3 30. Kf2 Nf8 31. Kf3 Ne6 32. Rxc3 Bxc3 33. Bh3
Nd4+ 34. Rxd4 Bxd4 35. Qe8+ Kh7 36. Bf5+ g6 37. Qxf7+ Bg7 38. Be4 Qd6 39. Bd5
h5 40. Qxb7 a5 41. Qc6 Qd8 42. b5 Qe7 43. Qc1 Qd6 44. Be4 Qe6 45. Qc2 Qg4+ 46.
Kg2 h4 47. f5 h3+ 48. Kf1 Qg5 49. fxg6+ Kh6 50. Qd3 Qc1+ 51. Ke2 Bb2 52. a4 Qa1
53. Qd7 Be5 54. Qh7+ 1-0

[Event "BPB Limburg open B"]
[Site "Maastricht"]
[Date "2014.06.07"]
[Round "3"]
[White "Senders, Justin"]
[Black "Willockx, Ritsaart"]
[Result "0-1"]
[WhiteElo "1957"]
[BlackElo "1952"]
[PlyCount "76"]
[EventDate "2014.06.06"]
[EventType "swiss"]
[EventRounds "7"]
[EventCountry "NED"]
[Source "P.Boonen"]
[SourceDate "2014.10.10"]

1. e4 c6 2. d4 d5 3. e5 c5 4. dxc5 e6 5. Nf3 Bxc5 6. Bd3 Ne7 7. O-O Nbc6 8. Re1
Ng6 9. Nbd2 Qb6 10. Qe2 Nf4 11. Qf1 Nxd3 12. cxd3 Nb4 13. Rd1 Bd7 14. Nb3 Ba4
15. Nxc5 Bxd1 16. Be3 Bxf3 17. Ne4 d4 18. Nd6+ Ke7 19. Bg5+ f6 20. gxf3 fxg5
21. f4 Nc6 22. Qg2 h6 23. h4 g6 24. hxg5 h5 25. b4 Kd7 26. a4 Nxb4 27. Rb1 a5
28. Qe4 Rhg8 29. Rc1 Nd5 30. Rc4 Raf8 31. f5 gxf5 32. Qh4 Qb1+ 33. Kg2 Qxd3 34.
Rxd4 Qe2 35. Qg3 f4 36. Qb3 Rxg5+ 37. Kh1 Qf1+ 38. Kh2 Qg2# 0-1

[Event "BPB Limburg open B"]
[Site "Maastricht"]
[Date "2014.06.07"]
[Round "3"]
[White "Sinke, Wim"]
[Black "Gruschinski, Marc"]
[Result "1/2-1/2"]
[WhiteElo "1874"]
[BlackElo "1714"]
[PlyCount "48"]
[EventDate "2014.06.06"]
[EventType "swiss"]
[EventRounds "7"]
[EventCountry "NED"]
[Source "P.Boonen"]
[SourceDate "2014.10.10"]

1. e4 c5 2. Nf3 Nc6 3. d4 cxd4 4. Nxd4 Nf6 5. Nc3 e5 6. Nb3 Bb4 7. Bd2 Bxc3 8.
Bxc3 Nxe4 9. Qg4 d5 10. Qxg7 Qf6 11. Qxf6 Nxf6 12. O-O-O d4 13. Be1 Bf5 14. f3
Nd5 15. Bd3 Bxd3 16. cxd3 Ne3 17. Rd2 b6 18. a3 Ne7 19. Bg3 f6 20. f4 N7f5 21.
fxe5 Nxg3 22. hxg3 fxe5 23. Rh5 O-O 24. Kb1 Rae8 1/2-1/2

[Event "BPB Limburg open B"]
[Site "Maastricht"]
[Date "2014.06.07"]
[Round "3"]
[White "Staudte, Rainer"]
[Black "Van 't Hoff, Kees"]
[Result "1-0"]
[WhiteElo "1915"]
[BlackElo "1793"]
[PlyCount "71"]
[EventDate "2014.06.06"]
[EventType "swiss"]
[EventRounds "7"]
[EventCountry "NED"]
[Source "P.Boonen"]
[SourceDate "2014.10.10"]

1. d4 Nf6 2. c4 g6 3. Nc3 Bg7 4. e4 d6 5. Be2 O-O 6. Nf3 Re8 7. O-O Nbd7 8. Ne1
e5 9. d5 Nc5 10. f3 a5 11. Nd3 Nfd7 12. Be3 b6 13. b3 f5 14. Qd2 Nxd3 15. Bxd3
f4 16. Bf2 g5 17. a3 Nf6 18. b4 Re7 19. c5 Nd7 20. cxd6 cxd6 21. Rfc1 Nf6 22.
Bb5 g4 23. Bc6 Rb8 24. Bh4 Rf7 25. Rab1 gxf3 26. gxf3 Nxe4 27. Nxe4 Qxh4 28.
bxa5 Bh6 29. Rxb6 Rxb6 30. axb6 Rg7+ 31. Kh1 Qd8 32. Qf2 Rg6 33. Rg1 Bf8 34.
Rxg6+ hxg6 35. b7 Bf5 36. Qa7 1-0

[Event "BPB Limburg open B"]
[Site "Maastricht"]
[Date "2014.06.07"]
[Round "3"]
[White "Taverniers, Peter"]
[Black "Freer, Robert"]
[Result "1/2-1/2"]
[WhiteElo "1686"]
[BlackElo "1863"]
[PlyCount "41"]
[EventDate "2014.06.06"]
[EventType "swiss"]
[EventRounds "7"]
[EventCountry "NED"]
[Source "P.Boonen"]
[SourceDate "2014.10.10"]

1. c4 Nf6 2. Nc3 g6 3. g3 Bg7 4. Bg2 O-O 5. Nf3 d6 6. O-O e5 7. d3 c6 8. Rb1 a5
9. a3 c5 10. Nd2 Nc6 11. Nd5 Bg4 12. Nxf6+ Bxf6 13. h3 Be6 14. Ne4 Bg7 15. Nc3
f5 16. Bd5 Bxd5 17. Nxd5 Ne7 18. Bg5 Rf7 19. Nxe7+ Rxe7 20. Bxe7 Qxe7 21. Qd2
1/2-1/2

[Event "BPB Limburg open B"]
[Site "Maastricht"]
[Date "2014.06.07"]
[Round "3"]
[White "Tutenel, Erik"]
[Black "Mitran, Anthony Cris"]
[Result "1/2-1/2"]
[WhiteElo "1863"]
[BlackElo "1593"]
[PlyCount "25"]
[EventDate "2014.06.06"]
[EventType "swiss"]
[EventRounds "7"]
[EventCountry "NED"]
[Source "P.Boonen"]
[SourceDate "2014.10.10"]

1. e4 e6 2. d4 d5 3. exd5 exd5 4. c4 c6 5. Nc3 Nf6 6. Bd3 Be7 7. Nge2 dxc4 8.
Bxc4 b5 9. Bb3 a6 10. O-O O-O 11. Ng3 Nd5 12. Nxd5 cxd5 13. Qf3 1/2-1/2

[Event "BPB Limburg open B"]
[Site "Maastricht"]
[Date "2014.06.07"]
[Round "3"]
[White "Ucaroglu Melih, Furkan"]
[Black "Broekhuis, Jan"]
[Result "1/2-1/2"]
[WhiteElo "1738"]
[BlackElo "1842"]
[PlyCount "121"]
[EventDate "2014.06.06"]
[EventType "swiss"]
[EventRounds "7"]
[EventCountry "NED"]
[Source "P.Boonen"]
[SourceDate "2014.10.10"]

1. e4 e6 2. d4 d5 3. e5 c5 4. c3 Nc6 5. Nf3 Bd7 6. a3 Rc8 7. Be3 c4 8. Nbd2 Na5
9. Be2 Ne7 10. O-O Ng6 11. Qe1 Be7 12. Bd1 O-O 13. Bc2 Nh4 14. Nxh4 Bxh4 15. g3
Be7 16. f4 g6 17. g4 f5 18. exf6 Bxf6 19. Nf3 Nc6 20. Qg3 Qe7 21. Rae1 Qg7 22.
h4 Rf7 23. Ne5 Bxe5 24. fxe5 Rxf1+ 25. Rxf1 Rf8 26. Bg5 Rxf1+ 27. Kxf1 Qf7+ 28.
Kg2 Nb8 29. Bf6 Be8 30. Qf4 Nd7 31. Kg3 b5 32. Bd1 a6 33. Be2 Nb8 34. Qg5 Nc6
35. Kg2 Qf8 36. Qd2 h6 37. Qd1 a5 38. Qb1 Qf7 39. Qc1 Qf8 40. Qf1 Qf7 41. Qf4
Qf8 42. Kg3 b4 43. axb4 axb4 44. Qc1 b3 45. Bd1 Kh7 46. Qa1 Qf7 47. Qa8 Qd7 48.
Bf3 Ne7 49. Bxe7 Qxe7 50. Qa1 g5 51. h5 Qf7 52. Qc1 Kg7 53. Bg2 Qe7 54. Qf1 Bf7
55. Bf3 Bg8 56. Bd1 Bh7 57. Qf2 Be4 58. Kh3 Kg8 59. Kg3 Bd3 60. Kh3 Bb1 61. Kg3
1/2-1/2

[Event "BPB Limburg open B"]
[Site "Maastricht"]
[Date "2014.06.07"]
[Round "3"]
[White "Uckerman, John"]
[Black "Kastelein, Gerard"]
[Result "1-0"]
[WhiteElo "1708"]
[BlackElo "1802"]
[PlyCount "79"]
[EventDate "2014.06.06"]
[EventType "swiss"]
[EventRounds "7"]
[EventCountry "NED"]
[Source "P.Boonen"]
[SourceDate "2014.10.10"]

1. e4 Nc6 2. Nc3 Nf6 3. Nf3 d6 4. h3 e5 5. d4 exd4 6. Nxd4 Ne5 7. Be2 d5 8. f4
Ng6 9. e5 Ne4 10. Nxe4 dxe4 11. O-O Bc5 12. Be3 Qe7 13. c3 O-O 14. Qc2 f5 15.
Bc4+ Kh8 16. Qf2 a6 17. g3 Bb6 18. a4 Nxe5 19. fxe5 Qxe5 20. Qf4 Qf6 21. Kh2
Bc5 22. Nxf5 Qb6 23. Qe5 Bxf5 24. Bxc5 Qxb2+ 25. Rf2 Qxa1 26. Bxf8 Rxf8 27.
Rxf5 Qb2+ 28. Kh1 Qc1+ 29. Bf1 Qa3 30. Rxf8+ Qxf8 31. Be2 h6 32. Qxe4 Qd6 33.
Bd3 g6 34. Qxg6 Qd5+ 35. Qe4 Qd7 36. Qf5 Qc6+ 37. Qe4 Qd7 38. Qe5+ Kg8 39. Bc4+
Kh7 40. Qe4+ 1-0

[Event "BPB Limburg open B"]
[Site "Maastricht"]
[Date "2014.06.07"]
[Round "3"]
[White "Van Wiele, Kurt"]
[Black "Arns, Danny"]
[Result "1/2-1/2"]
[WhiteElo "1880"]
[BlackElo "1781"]
[PlyCount "42"]
[EventDate "2014.06.06"]
[EventType "swiss"]
[EventRounds "7"]
[EventCountry "NED"]
[Source "P.Boonen"]
[SourceDate "2014.10.10"]

1. e4 e6 2. d4 d5 3. Nc3 Bb4 4. Nge2 dxe4 5. a3 Bxc3+ 6. Nxc3 Nf6 7. Be3 Bd7 8.
g4 Bc6 9. Bg2 Nd5 10. Qd2 Nd7 11. Nxe4 Nxe3 12. Qxe3 Qe7 13. Rg1 O-O-O 14.
O-O-O Bxe4 15. Bxe4 Nf6 16. Bf3 Nd5 17. Qe4 Qg5+ 18. Kb1 Qf4 19. Qe2 Qxh2 20.
Rg3 Qh4 21. c4 Ne7 1/2-1/2

[Event "BPB Limburg open B"]
[Site "Maastricht"]
[Date "2014.06.07"]
[Round "3"]
[White "Van Zwet, Matthias"]
[Black "Kocur, Marc"]
[Result "1/2-1/2"]
[WhiteElo "1806"]
[BlackElo "1906"]
[PlyCount "45"]
[EventDate "2014.06.06"]
[EventType "swiss"]
[EventRounds "7"]
[EventCountry "NED"]
[Source "P.Boonen"]
[SourceDate "2014.10.10"]

1. d4 e6 2. c4 Bb4+ 3. Nc3 Nf6 4. Bg5 h6 5. Bh4 c5 6. d5 Bxc3+ 7. bxc3 Qa5 8.
Bxf6 gxf6 9. Qd2 Qd8 10. e4 Qe7 11. Be2 b6 12. Nf3 Bb7 13. O-O Na6 14. a4 Qd6
15. a5 Kd8 16. Rfb1 Kc7 17. axb6+ axb6 18. Rb3 Nb8 19. Rxa8 Bxa8 20. Ne1 Nc6
21. Rb2 Na5 22. Nc2 Bc6 23. Na3 1/2-1/2

[Event "BPB Limburg open B"]
[Site "Maastricht"]
[Date "2014.06.07"]
[Round "3"]
[White "Van de Griend, Johan"]
[Black "Janse, Alexander"]
[Result "1/2-1/2"]
[WhiteElo "1963"]
[BlackElo "1584"]
[PlyCount "50"]
[EventDate "2014.06.06"]
[EventType "swiss"]
[EventRounds "7"]
[EventCountry "NED"]
[Source "P.Boonen"]
[SourceDate "2014.10.10"]

1. e4 c5 2. Nf3 d6 3. d4 cxd4 4. Nxd4 Nf6 5. Nc3 a6 6. Be3 e5 7. Nb3 Be6 8. Be2
Nbd7 9. O-O Be7 10. f4 exf4 11. Rxf4 Ne5 12. Nd5 Bxd5 13. exd5 O-O 14. c4 Nfd7
15. Rf1 Rc8 16. Rc1 Bg5 17. Qd2 Bxe3+ 18. Qxe3 b6 19. Nd4 g6 20. Rc3 Qh4 21. g3
Qe7 22. Qf4 Rc7 23. Re3 Qd8 24. Qh6 Nf6 25. Qh4 Kg7 1/2-1/2

[Event "BPB Limburg open B"]
[Site "Maastricht"]
[Date "2014.06.07"]
[Round "3"]
[White "Van de Pavoordt, Max"]
[Black "Vanhuyse, Nele"]
[Result "0-1"]
[WhiteElo "1839"]
[BlackElo "1940"]
[PlyCount "80"]
[EventDate "2014.06.06"]
[EventType "swiss"]
[EventRounds "7"]
[EventCountry "NED"]
[Source "P.Boonen"]
[SourceDate "2014.10.10"]

1. e4 c5 2. Nf3 e6 3. d4 cxd4 4. Nxd4 Nc6 5. Nc3 Qc7 6. Be3 a6 7. Be2 Nf6 8.
O-O Bb4 9. Bf3 O-O 10. Nce2 Ne5 11. c3 Bc5 12. Ng3 Nxf3+ 13. Qxf3 b5 14. Bg5
Be7 15. h3 Bb7 16. Qe3 d6 17. Rae1 Rfe8 18. f4 Rac8 19. Kh1 Qb8 20. a3 Nd7 21.
Bxe7 Rxe7 22. f5 e5 23. Nf3 Nf6 24. Qg5 Qc7 25. Nd2 h6 26. Qh4 Qd8 27. Nh5 Nxh5
28. Qxh5 f6 29. Rf3 Qe8 30. Qh4 Qf7 31. Rg3 Kf8 32. Rd3 d5 33. exd5 Bxd5 34.
Qb4 Bc6 35. Ne4 Qh5 36. Nd6 Rcc7 37. Rg3 Kg8 38. Kg1 Kh7 39. Rg4 Red7 40. Ne8
Qxe8 0-1

[Event "BPB Limburg open B"]
[Site "Maastricht"]
[Date "2014.06.07"]
[Round "3"]
[White "Veelenturf, Wim"]
[Black "Eben, Jonathan"]
[Result "1/2-1/2"]
[WhiteElo "1741"]
[BlackElo "1806"]
[PlyCount "65"]
[EventDate "2014.06.06"]
[EventType "swiss"]
[EventRounds "7"]
[EventCountry "NED"]
[Source "P.Boonen"]
[SourceDate "2014.10.10"]

1. e4 Nc6 2. Bc4 Nf6 3. d3 e6 4. Nf3 d5 5. exd5 exd5 6. Bb5 Bd7 7. O-O Be7 8.
a3 O-O 9. h3 h6 10. Bf4 a6 11. Ba4 b5 12. Bb3 Na5 13. Ba2 c5 14. Ne5 Be6 15.
Bd2 Bd6 16. Qe1 Bxe5 17. Qxe5 Nc6 18. Qe1 Nd4 19. Qd1 Qd7 20. c3 Nf5 21. Bf4
Nh4 22. Bg3 Nxg2 23. Kxg2 Bxh3+ 24. Kg1 Bxf1 25. Qxf1 Qg4 26. Nd2 Rfe8 27. Bb3
Qe2 28. Rd1 c4 29. Bc2 Re6 30. Qxe2 Rxe2 31. Kf1 Rae8 32. d4 R2e7 33. Bf5
1/2-1/2

[Event "BPB Limburg open B"]
[Site "Maastricht"]
[Date "2014.06.07"]
[Round "3"]
[White "Verheij, Albert"]
[Black "Rutten, David"]
[Result "1-0"]
[WhiteElo "1850"]
[BlackElo "1853"]
[PlyCount "89"]
[EventDate "2014.06.06"]
[EventType "swiss"]
[EventRounds "7"]
[EventCountry "NED"]
[Source "P.Boonen"]
[SourceDate "2014.10.10"]

1. e4 c5 2. Nf3 d6 3. d4 cxd4 4. Nxd4 Nf6 5. Nc3 a6 6. f3 e5 7. Nb3 Be7 8. Be3
Be6 9. Qd2 O-O 10. O-O-O a5 11. Bb5 Na6 12. Qf2 Qb8 13. g4 Rc8 14. h4 Ne8 15.
Bxe8 Rxe8 16. Na4 Nb4 17. Kb1 b5 18. Nb6 Ra6 19. Nd5 Nxd5 20. exd5 Bd7 21. Nd2
Rc8 22. Ne4 b4 23. h5 b3 24. cxb3 a4 25. bxa4 Rxa4 26. Rc1 Qa8 27. Rxc8+ Bxc8
28. Nc3 Rb4 29. Qd2 Ba6 30. Bg5 Rd4 31. Qc1 Bf8 32. Rd1 Rb4 33. h6 g6 34. Qe3
Qb7 35. Rd2 Qd7 36. Ne4 Qb5 37. Nf6+ Kh8 38. b3 Qf1+ 39. Kb2 Bb5 40. a3 Rd4 41.
Rxd4 exd4 42. Qxd4 Qe2+ 43. Qd2 Qxf3 44. a4 Ba6 45. Qc3 1-0

[Event "BPB Limburg open B"]
[Site "Maastricht"]
[Date "2014.06.07"]
[Round "3"]
[White "Verhoef, Pieter"]
[Black "Meyer, Stefan"]
[Result "1/2-1/2"]
[WhiteElo "1893"]
[BlackElo "1747"]
[PlyCount "60"]
[EventDate "2014.06.06"]
[EventType "swiss"]
[EventRounds "7"]
[EventCountry "NED"]
[Source "P.Boonen"]
[SourceDate "2014.10.10"]

1. e4 Nf6 2. e5 Nd5 3. d4 d6 4. c4 Nb6 5. exd6 exd6 6. Nc3 Nc6 7. Be3 Be7 8.
Bd3 O-O 9. Nge2 Bg4 10. O-O Nb4 11. f3 Nxd3 12. Qxd3 Bh5 13. Nf4 Bg6 14. Nxg6
fxg6 15. Bf2 Qd7 16. Rfe1 Rae8 17. Re2 Bf6 18. Ne4 d5 19. cxd5 Nxd5 20. Rae1
Kh8 21. Nc5 Qc8 22. Bg3 Rxe2 23. Rxe2 b6 24. Ne4 Re8 25. Qc4 Qd8 26. Nd6 cxd6
27. Rxe8+ Qxe8 28. Qxd5 Qe3+ 29. Kf1 Qd3+ 30. Ke1 Qe3+ 1/2-1/2

[Event "BPB Limburg open B"]
[Site "Maastricht"]
[Date "2014.06.07"]
[Round "3"]
[White "Verhoef, Ruud"]
[Black "Hermes, Geoff R"]
[Result "1/2-1/2"]
[WhiteElo "1919"]
[BlackElo "1937"]
[PlyCount "42"]
[EventDate "2014.06.06"]
[EventType "swiss"]
[EventRounds "7"]
[EventCountry "NED"]
[Source "P.Boonen"]
[SourceDate "2014.10.10"]

1. e4 d6 2. d4 Nf6 3. Nc3 c6 4. a4 a5 5. Nf3 Bg4 6. h3 Bh5 7. Be3 Nbd7 8. Be2
e5 9. Qd2 Bg6 10. Bd3 Be7 11. O-O O-O 12. Rad1 Qc7 13. Rfe1 Rfe8 14. dxe5 dxe5
15. Nh4 Rad8 16. Nxg6 hxg6 17. Qe2 Nc5 18. f3 Nxd3 19. Rxd3 Rxd3 20. Qxd3 Rd8
21. Qe2 Bb4 1/2-1/2

[Event "BPB Limburg open B"]
[Site "Maastricht"]
[Date "2014.06.07"]
[Round "3"]
[White "Visser, Sebastiaan"]
[Black "Mestrom, Wolf"]
[Result "1/2-1/2"]
[WhiteElo "1874"]
[BlackElo "1753"]
[PlyCount "57"]
[EventDate "2014.06.06"]
[EventType "swiss"]
[EventRounds "7"]
[EventCountry "NED"]
[Source "P.Boonen"]
[SourceDate "2014.10.10"]

1. d4 Nf6 2. Nf3 c5 3. Bg5 e6 4. Nbd2 d5 5. e3 Nc6 6. dxc5 Bxc5 7. Nb3 Be7 8.
Be2 O-O 9. O-O h6 10. Bh4 b6 11. c4 Bb7 12. cxd5 Nxd5 13. Bxe7 Qxe7 14. Nbd4
Rfd8 15. Nxc6 Bxc6 16. Qb3 e5 17. Rac1 Rac8 18. Ba6 Rc7 19. Rfd1 Ba8 20. Rxc7
Qxc7 21. h3 e4 22. Nd4 Nf6 23. Rd2 Bd5 24. Rc2 Qe5 25. Bc4 Bxc4 26. Rxc4 Qd5
27. Qc2 Rd7 28. b4 Kh7 29. a3 1/2-1/2